00850nam a2200193 a 450000100100000000500170001000800410002704000250006808200200009310000260011324500780013926000300021730000280024759000750027565000450035065100530039595201910044899900170063900003502520200930074044.0111024s1963 sp 000 0 spa d aDO-SdBNPbspacBNPHU a330.1513bL333e1 aLarraz, José96064913aLa época del mercantilismo en Castilla :b(1500-1700) /cJosé Larraz. aMadrid :bAguilar,c1963. axviii, 151 p. ;c21 cm. aPerteneció a la biblioteca personal de Juan Isidro Jimenes Grullón 4aMercatilismozEspañay1500-1700960650 4aEspañaxPolítica Comercialy1500-1700960651 001050718RVaGRbGRcHDd2011-10-24iLF1l0o330.1513 L333ep35025-10r2020-06-25w2020-06-25y1zPerteneció a la biblioteca personal de Juan Isidro Jimenes- GrullónZNo se presta c34516d34516